Cómo prosperar en la economía sostenible: diseñar hoy el mundo del futuro
Сохранить в:
| Главный автор: | |
|---|---|
| Формат: | |
| Язык: | испанский |
| Опубликовано: |
Madrid
Experimenta
2016
|
| Редактирование: | 1a. ed |
| Серии: | Experimenta Theoria
|
| Предметы: | |
| Метки: |
Добавить метку
Нет меток, Требуется 1-ая метка записи!
|
MARC
| LEADER | 00000cam a2200000 a 4500 | ||
|---|---|---|---|
| 001 | UCC1528 | ||
| 003 | CL-VaPUC | ||
| 008 | 171104e20160000sp |||||||||||||||||spa|d | ||
| 020 | |a 9788494481722 | ||
| 082 | 0 | 4 | |a 333.72 |b THA |2 21 |
| 100 | 0 | |a Thackara, John |e author |9 595611 | |
| 245 | 1 | 0 | |a Cómo prosperar en la economía sostenible: diseñar hoy el mundo del futuro |
| 250 | |a 1a. ed | ||
| 300 | |a 215 p | ||
| 942 | |c BK | ||
| 945 | |d 20171104 20:09:00 |a dcastane | ||
| 260 | |a Madrid |b Experimenta |c 2016 | ||
| 650 | 7 | |a SUSTENTABILIDAD |2 CL-VaPUC |9 527568 | |
| 650 | 7 | |a RECURSOS RENOVABLES |2 CL-VaPUC |9 339698 | |
| 583 | |a last modification |c 20171104 20:09:00 |k Rodrigo Vera | ||
| 490 | 0 | |a Experimenta Theoria | |
| 999 | |c 369993 |d 369991 | ||
| 952 | |0 0 |1 0 |3 erb |4 0 |6 333_720000000000000_THA_2016 |7 0 |8 A |9 486235 |a BIBARQ |b BIBARQ |i 543405K |l 1 |o 333.72 THA 2016 |p 543405K |r 2025-05-09 |s 2025-04-04 |w 2019-11-24 |y BK |z Catalogado en:20171104 |k ARQ | ||